Újrakezdés református iskolák könyvtárai az egykori török hódoltság területén /
Elmentve itt :
| Szerző: | |
|---|---|
| Dokumentumtípus: | Könyv része |
| Megjelent: |
Kossuth; EKF
Budapest; Eger
2012
|
| Sorozat: | Kulturális örökség
A tiszántúli református iskolák 18. századi könyvöröksége |
| mtmt: | 1998184 |
| Online Access: | http://publicatio.bibl.u-szeged.hu/13260 |
| LEADER | 00785naa a2200205 i 4500 | ||
|---|---|---|---|
| 001 | publ13260 | ||
| 005 | 20220627152900.0 | ||
| 008 | 180425s2012 hu o 0|| magyar d | ||
| 020 | |a 978-963-09-7101-0 | ||
| 024 | 7 | |a 1998184 |2 mtmt | |
| 040 | |a SZTE Publicatio Repozitórium |b hun | ||
| 041 | |a magyar | ||
| 100 | 1 | |a Monok István | |
| 245 | 1 | 0 | |a Újrakezdés |h [elektronikus dokumentum] : |b református iskolák könyvtárai az egykori török hódoltság területén / |c Monok István |
| 260 | |a Kossuth; EKF |b Budapest; Eger |c 2012 | ||
| 300 | |a 255 | ||
| 300 | |a 7-12 | ||
| 490 | 0 | |a Kulturális örökség | |
| 490 | 0 | |a A tiszántúli református iskolák 18. századi könyvöröksége | |
| 856 | 4 | 0 | |u http://publicatio.bibl.u-szeged.hu/13260/1/Monok_reformatus_iskolak_2012.pdf |z Dokumentum-elérés |